| 000 | 00612nam a22001697a 4500 | ||
|---|---|---|---|
| 003 | OSt | ||
| 005 | 20251001031347.0 | ||
| 008 | 251001b |||||||| |||| 00| 0 eng d | ||
| 040 |
_aDWC-Main Lib. _cOC |
||
| 100 | _aEDWARD, STEFAN | ||
| 245 |
_aDictionary of science : _billustrated, informative, exhaustive/ _cEDWARD, STEFAN |
||
| 260 |
_aNew Delhi : _bGoodwill Publishing House, _c[200?]. |
||
| 300 |
_a372 pages : _billustrations ; _c22 cm. |
||
| 504 | _aIncludes bibliographical references. | ||
| 650 | _a1. Science--Dictionaries. I. Paul, D.S. II. Bhasin, S.K. III. Title. | ||
| 942 |
_2ddc _cGR _hGR. _n0 |
||
| 999 |
_c4590 _d4590 |
||